Evolutionary psychology : The science of human behavior and evolution
Written in a lively and engaging manner, this new work places evolutionary psychology within the broad sweep of our primate heritage and the full scope of our evolutionary story. Beginning with the basics of evolution, the book first unpacks the far-ranging saga of human evolution, then moves on to...
保存先:
| 第一著者: | |
|---|---|
| フォーマット: | 図書 |
| 言語: | Undetermined |
| 出版事項: |
Hoboken, NJ.
John Wiley & Sons
2003
|
| 主題: | |
| タグ: |
タグ追加
タグなし, このレコードへの初めてのタグを付けませんか!
|
| Thư viện lưu trữ: | Trung tâm Học liệu Trường Đại học Cần Thơ |
|---|
| LEADER | 01086nam a2200229Ia 4500 | ||
|---|---|---|---|
| 001 | CTU_163844 | ||
| 008 | 210402s9999 xx 000 0 und d | ||
| 020 | |c 59.03 | ||
| 082 | |a 200.9 | ||
| 082 | |b R823 | ||
| 100 | |a Rossano, Matthew J. | ||
| 245 | 0 | |a Evolutionary psychology : | |
| 245 | 4 | |b The science of human behavior and evolution | |
| 245 | 0 | |c Matthew J. Rossano | |
| 260 | |a Hoboken, NJ. | ||
| 260 | |b John Wiley & Sons | ||
| 260 | |c 2003 | ||
| 520 | |a Written in a lively and engaging manner, this new work places evolutionary psychology within the broad sweep of our primate heritage and the full scope of our evolutionary story. Beginning with the basics of evolution, the book first unpacks the far-ranging saga of human evolution, then moves on to examine motor behavior and emotions, sexual behavior and mate selection, and higher cognition. | ||
| 650 | |a Religion,Human evolution,Tôn giáo,Giá trị con người | ||
| 650 | |x Religious aspects,Khía cạnh tôn giáo | ||
| 904 | |i Vi,Qhieu | ||
| 980 | |a Trung tâm Học liệu Trường Đại học Cần Thơ | ||